| 000 | 00575nam a2200181 a 4500 | ||
|---|---|---|---|
| 005 | 20251205064003.0 | ||
| 008 | 991125s1974 mx 000 0 spa u | ||
| 035 | _aUPN01000004093 | ||
| 049 | _aCG | ||
| 050 | 4 |
_aLB1059 _bS5.28 |
|
| 100 | 1 | _aShulman, Lee S. | |
| 245 | 1 | 0 |
_aAprendizaje por descubrimiento : _bevaluación crítica / _cLee S. Shulman, Evan R. Keislar ; tr. Ricardo Vinés Cruz-López. |
| 260 |
_aMéxico : _bTrillas, _c1974. |
||
| 300 | _a251 p. | ||
| 650 | 4 |
_aAprendizaje mediante descubrimiento _97609 |
|
| 700 | 1 |
_aKeislar, Evan R., _ecoaut. |
|
| 905 | _aLibro | ||
| 999 |
_c4093 _d4093 |
||